Municipios Merindad de Sangüesa - Estadísticas

Estadísticas generales
  • Esta prueba ha sido intentada 61 veces
    9 desde el último reinicio
  • La puntuación promedio es 48 de 65
Respuestas en el mapa
Las respuestas están codificadas por una escala verde-roja en el mapa de la prueba según el % correcto abajo.
 
Estadísticas de respuestas
Respuesta % Correcto
Burgui / Burgi
100%
Isaba / Izaba
100%
Petilla de Aragón
100%
Roncal / Erronkari
100%
Roncesvalles / Orreaga
100%
Sanguesa / Zangoza
100%
Valcarlos / Luzaide
100%
Yesa
100%
Aranguren
86%
Burguete / Auritz
86%
Burlada / Burlata
86%
Esparza de Salazar / Esparza Zaraitu
86%
Garde
86%
Huarte / Uharte
86%
Javier / Xabier
86%
Lerga
86%
Liédena
86%
Lumbier / Irunberri
86%
Monreal / Elo
86%
Ochagavía / Otsagabia
86%
Romanzado / Erromantzatua
86%
Sada
86%
Urraúl Alto / Urraulgoiti
86%
Urraúl Bajo / Urraulbeiti
86%
Urzainqui / Urzainki
86%
Uztárroz / Uztarroze
86%
Abaurrea Alta / Abaurregaina
71%
Abaurrea Baja / Abaurrepea
71%
Aibar / Oibar
71%
Aoiz / Agoitz
71%
Arce / Artzi
71%
Aria
71%
Castillo-Nuevo / Gazteluberri
71%
Egués / Eguesibar
71%
Erro
71%
Ezcaroz / Ezkaroze
71%
Garaioa
71%
Garralda
71%
Guesa / Gesa
71%
Izalzu / Itzaltzu
71%
Jaurrieta
71%
Leache / Leatxe
71%
Navascués / Nabaskoze
71%
Sarriés / Sartze
71%
Valle de Elorz / Elortzibar
71%
Vidángoz / Bidankoze
71%
Aribe
57%
Cáseda
57%
Eslava
57%
Esteribar
57%
Ezprogui
57%
Gallipienzo / Galipentzu
57%
Gallués / Galoze
57%
Ibargoiti
57%
Izagaondoa
57%
Lizoáin / Lizoain-Arriasgoiti
57%
Lónguida / Longida
57%
Orbaizeta
57%
Orbara
57%
Oronz / Orontze
57%
Tiebas-Muruarte de Reta
57%
Unciti
57%
Urroz-Villa
57%
Villanueva de Aezkoa / Hiriberri
57%
Oroz-Betelu / Orotz-Betelu
43%
No se encontraron pruebas coincidentes
Distribución de puntuación
Porcentaje de gente con cada puntuación
Porcentaje por número respondido
Historial de tus puntuaciones
No has intentado esta prueba desde el último reinicio